Lízat mraky /
Spisovatel ve středních letech si po několika životních zvratech užívá nezávazných milostných vztahů, které však někdy mají nečekané vyústění.
Uloženo v:
| Série: | Muž vdaných žen,
část 2 |
|---|---|
| Hlavní autor: | |
| Médium: | E-kniha |
| Jazyk: | Czech |
| Vydáno: |
Praha :
Ikar,
2025
|
| Vydání: | Vydání první |
| Témata: | |
| Příbuzné jednotky: | Z cyklu::
Muž vdaných žen |
| Tagy: |
Žádné tagy |
| LEADER | 02367nam a2200397 i 4500 | ||
|---|---|---|---|
| 001 | 297590 | ||
| 003 | CZ PrSKC | ||
| 005 | 20260416063139.0 | ||
| 007 | ta | ||
| 008 | 250422s2025 xr a g 000 f cze d | ||
| 015 | |a cnb003645036 | ||
| 020 | |a 9788024956688 |q (brožováno) | ||
| 035 | |a (OCoLC)1527577406 | ||
| 040 | |a ABG001 |b cze |d ABA001 |e rda | ||
| 072 | 7 | |a 821.162.3-3 |x Česká próza |2 Konspekt | |
| 080 | |a 821.162.3-31 |2 MRF | ||
| 080 | |a (0:82-31) |2 MRF | ||
| 100 | 1 | |a Walló, Alex, |d 1973- |7 xx0318956 |4 aut | |
| 245 | 1 | 0 | |a Lízat mraky / |c Alex Walló |
| 250 | |a Vydání první | ||
| 264 | 1 | |a Praha : |b Ikar, |c 2025 | |
| 300 | |a 190 stran : |b ilustrace ; |c 20 cm | ||
| 336 | |a text |b txt |2 rdacontent | ||
| 337 | |a bez média |b n |2 rdamedia | ||
| 338 | |a svazek |b nc |2 rdacarrier | ||
| 520 | 2 | |a Spisovatel ve středních letech si po několika životních zvratech užívá nezávazných milostných vztahů, které však někdy mají nečekané vyústění. |b Spisovatel Daniel Rys, svobodomyslný muž a konzument životních potěšení, zažil turbulentní měsíce. Vyboural se na motorce, opustila ho láska jeho života, ale především se setkal se svojí dávno dospělou dcerou, o jejíž existenci neměl do té chvíle ani ponětí. O rok později se nalezená dcera chystá vdávat, zatímco Daniel se vrhá do dalšího milostného dobrodružství, tentokrát s úžasnou Patricií. Nová dáma jeho srdce je ovšem až podezřele hezká, chytrá a dokonalá, nevyhnutelně proto musí v jejich vztahu dojít k rozuzlení, které by Daniel nečekal ani v nejhorším snu. Kniha volně navazuje na předchozí titul Muž vdaných žen. Nakladatelská anotace. Kráceno. | |
| 655 | 7 | |a české romány |7 fd133974 |2 czenas | |
| 655 | 9 | |a Czech fiction |2 eczenas | |
| 700 | 1 | |i Volně navazuje na: |a Walló, Alex, |d 1973- |t Muž vdaných žen | |
| 787 | 0 | 8 | |i Z cyklu: |t Muž vdaných žen |g 2 |
| 900 | |a ABA001 |b 20 | ||
| 928 | 9 | |a Euromedia Group - Ikar | |
| 044 | |a xr | ||
| 910 | |a RBIT002 | ||
| 998 | |d 418056 |a https://core.palmknihy.cz/api/books/418056/cover?sttrm2 |b https://core.palmknihy.cz/api/books/418056/cover/400?sttrm2 |c https://core.palmknihy.cz/api/books/418056/cover/50?sttrm2 |e 2031-01-30 |g 192 |i 9788024956688 |j https://core.palmknihy.cz/api/books/418056/preview.epub |l |q 49 |r 1 |s https://www.palmknihy.cz/kniha/418056 |t ebook |y 2025 |z 0 | ||
| 999 | |d 297588 | ||